000 00957cad a22002535a 4500
001 E151836
008 101214s2010 xxk f 100 0 eng d
020 _a9781842196199
035 _a(Sirsi) u151836
041 0 _aeng
100 1 _aLiu, Junshan
111 2 _aConstruction and Building Research Conference
_cDauphine Universite, Paris
_d2-3 September 2010
245 0 0 _aImproving construction field workers' safety with hands-free communication
_h[electronic resource]
260 _aLondon
_bRICS
_c2010
520 _aA paper presented at the COBRA Conference in Paris on 2-3 September 2010.
590 _aKA
650 2 4 _aCONSTRUCTION AND BUILDING RESEARCH CONFERENCE (COBRA)
651 4 _aInternational
690 _aHealth and safety
_96244
700 1 _aMoore, William
700 1 _aKramer, Scott W.
856 4 0 _uhttps://www.rics.org/site/scripts/download_info.aspx?fileID=8140&categoryID=720
_zBroken link - not available
942 _n0
999 _c111661
_d111661